1006 1615 1881 1079 1098 1121 1115 1405 1558 1557 1037 1855 1006 1318 1814 1576 1602 1081 1680 1177 1754 1615 1519 1285 1140 1149 1004 1647 1932 1475 1806 1565 1242 1891 1808 1700 1367 1430 1335 1964 1557 1654 1118 1573 1266 1796 1098 1480 1007 1263 1439 1376 1277 1693 1522 1088 1770 1642 1043 1938 1262 1381 1093 1702 1231 1916 1929 1477 1099 1819 1827 1701 1649 1485 1557 1001 1155 1181 1244 1350 1849 1146 1559 1983 1794 1279 1707 1216 1322 1047 1123 1700 1432 1529 1764 1152 1145 1389 1922 BCNSPRNW ULIB Ver.6.0+V

เปลี่ยนเป็นภาษาไทย

Change to English
 แสดงรายละเอียดบรรณานุกรม
  กลับหน้าหลัก

Brief Record : Get Marc (ISO 2709) : E-mail record : QR code < ปิดหน้าต่าง
LEADER : 00000nas 2200000uu 4500
001    13399127502
003     ULIB
008    200716s2563||||th 000 0 tha d
110 1  ^aบริษัท เมดิ เจอร์นัล จำกัด
245 00 ^aฟาร์มาไทม์/^cบริษัท เมดิ เจอร์นัล จำกัด
260    ^aกรุงเทพฯ :^bบริษัท เมดิ เจอร์นัล จำกัด^c2563
310    ^aรายสองเดือน
850 ^a ULIB^bฉบับที่ 141 ปีที่ 17 ฉ.1 ;ฉบับที่ 142 ปีที่ 17 ฉ.1 ;ฉบับที่ 143 ปีที่ 17 ฉ.1 ;ฉบับที่ 150 ปีที่ 17 ฉ.1 ;ฉบับที่ 151 ปีที่ 17 ฉ.1
856    ^aULIB^bปีที่ 17 ฉบับที่ 141 ฉ.1
945    ^p0^l0^i905546
945    ^p0^l0^i905547
945    ^p0^l0^i905559
945    ^p0^l0^i905833
945    ^p0^l0^i905834
999    ^aประนอม เกษจรัล
รายการนี้ยังไม่มีแท็ก
คุณยังไม่ได้ล็อกอิน คุณสามารถมีกิจกรรมร่วมกับเว็บไซต์ได้ แต่ต้องล็อกอินก่อน ::
  ล็อกอิน

รายการสื่อสารสนเทศ (วารสาร)

ดูแบบ: กล่อง รายการ
ARRIVED
ฉบับที่ 141 ปีที่ 17 ฉ.1
สถานที่: ห้องสมุดวิทยาเขตสวรรค์ประชารักษ์ >วารสาร
ARRIVED
ฉบับที่ 142 ปีที่ 17 ฉ.1
สถานที่: ห้องสมุดวิทยาเขตสวรรค์ประชารักษ์ >วารสาร
ARRIVED
ฉบับที่ 143 ปีที่ 17 ฉ.1
สถานที่: ห้องสมุดวิทยาเขตสวรรค์ประชารักษ์ >วารสาร
ARRIVED
ฉบับที่ 150 ปีที่ 17 ฉ.1
สถานที่: ห้องสมุดวิทยาเขตสวรรค์ประชารักษ์ >วารสาร
ARRIVED
ฉบับที่ 151 ปีที่ 17 ฉ.1
สถานที่: ห้องสมุดวิทยาเขตสวรรค์ประชารักษ์ >วารสาร

BibComment


ยังไม่เคยถูกคอมเมนท์

คอมเมนท์ทรัพยากรรายการนี้
  คอมเมนท์: ฟาร์มาไทม์ บริษั..


 Copyright 2026. Bcnsprnw @Library